000 01039nmm a2200301 a 4500
001 ocm000955229
003 TR-IsHL
005 20201028150224.0
008 150110s2000 tu tur
007 cr cn
020 _a9789756865392
035 _a955229
_b(N$T)
050 0 4 _aPL248.B393
_bZ535 2000
090 0 4 _aPL248.B393
_bZ535 2000
100 1 _aBaykurt, Fakir
245 1 0 _aAnadolu aydınlanmacısı: Fakir Baykurt
_h[electronic resource] /
_cFakir Baykurt ; hazırlayan Feridun Andaç
260 _aİstanbul :
_bEvrensel Basım Yayın,
_c2000
300 _a257 p.
500 _aIncludes bibliographical references
_x
650 4 _aDil ve Edebiyat
650 4 _aLanguage and Literature
650 0 _aBaykurt, Fakir, 1929-1999
650 0 _aYazarlar, Türkçe
_xBiyografi
650 0 _aAuthors, Turkish
_xBiography
650 7 _aLITERARY COLLECTIONS / Middle Eastern
_2bisacsh
700 1 _aAndaç, Feridun
856 4 0 _uhttp://search.ebscohost.com/login.aspx?direct=true&scope=site&db=e011xww&AN=955229
999 _c10357
_d10357